002190000a220007300045001000021000002450030000213000047000517730047000981 aCarasik, Michael10aQohelet's twist and turns aVol. 28, Núm 2 (2003), Páginas 192-2090 tJournal for the Study of the Old Testament